000 00689nam a2200217Ia 4500
003 GCL
008 140319s9999 xx 000 0 ara d
040 _aGCL /
_cGCL
082 0 4 _a211
_bم م
100 1 _aمحمود النبوى الشال
245 1 0 _aالملاذ فى الاصول والمبادىء الاسلامية /
_cمحمود النبوى الشال
260 _a[S.N] :
_bالهيئة المصرية العامة للكتاب ،
_c1987
300 _a195 ص
490 _a
650 0 4 _aالاسلام
650 0 4 _aالعقائد
650 0 4 _aالاداب الاسلامية
650 0 4 _aالعبادات
650 0 4 _aمبادىء عامة
942 _2ddc
_cBK
999 _c28938
_d28938